| 000 | 00626nam a2200217Ia 4500 | ||
|---|---|---|---|
| 999 |
_c15710 _d15710 |
||
| 003 | OSt | ||
| 005 | 20210825094950.0 | ||
| 008 | 151021s9999 xx 000 0 und d | ||
| 020 | _a324072880 | ||
| 040 |
_cMMU _aMMU _beng _dMMU |
||
| 050 | _aHD 30.28.H586 2001 | ||
| 245 |
_aStrategic Management competitiveness and Globalization / _cMichael A Hitt. |
||
| 250 | _a4th ed. | ||
| 260 |
_aUSA : _bSouth-western, _c2001. |
||
| 300 | _axxxi, 668 p. : | ||
| 500 | _aIncludes index | ||
| 650 |
_a_Strategic Management _9342 |
||
| 700 | _a_R.Duane Ireland | ||
| 942 |
_2lcc _cLOAN LOAN |
||
| 980 | _a^d20120806 12:33:43^oanne | ||